What countries have cities in the top 50 most populated cities? - Statistics

General Stats
  • This quiz has been taken 363 times
  • The average score is 21 of 26
Answer Stats
# of cities Countries % Correct
16 China
100%
6 India
99%
1 United States
99%
2 Brazil
96%
1 Mexico
96%
1 Indonesia
95%
1 United Kingdom
95%
1 Russia
94%
1 Japan
93%
1 Egypt
88%
3 Pakistan
88%
1 Iran
85%
1 Nigeria
85%
1 Thailand
84%
1 South Korea
82%
1 Turkey
81%
1 Bangladesh
80%
2 Vietnam
80%
1 Colombia
75%
1 Peru
74%
1 Democratic Republic of Congo
72%
1 Saudi Arabia
66%
1 Iraq
65%
1 Chile
58%
1 Myanmar
52%
1 Singapore
51%
No matching quizzes found
Score Distribution
Percent of People with Each Score
Percentile by Number Answered
Your Score History
You have not taken this quiz